Exploring through writing: a process approach to ESL composition

Պահպանված է:
Մատենագիտական մանրամասներ
Հիմնական հեղինակ: Raimes, Ann (Հեղինակ)
Ձևաչափ: Գիրք
Լեզու:անգլերեն
Հրապարակվել է: Cambridge Cambridge University 1998
Հրատարակություն:1a. ed
Խորագրեր:
Ցուցիչներ: Ավելացրեք ցուցիչ
Չկան պիտակներ, Եղեք առաջինը, ով նշում է այս գրառումը!

MARC

LEADER 00000nam a2200000 a 4500
001 UCL9970
003 CL-VaPUC
008 040903e19980000uk |||||||||||||||||eng|d
020 |a 052165761X 
082 0 4 |a 428  |b RAI  |2 21 
100 0 |a Raimes, Ann  |e author  |9 487926 
245 1 0 |a Exploring through writing: a process approach to ESL composition 
250 |a 1a. ed 
300 |a 398 p 
942 |c BK 
945 |d 20040903 00:00:00  |a cmena 
260 |a Cambridge  |b Cambridge University  |c 1998 
650 0 |a Educación lingüística  |9 306506 
650 0 |a Lengua inglesa  |9 318842 
650 0 |a Adquisición del lenguaje   |9 309032 
650 0 |a Enseñanza del inglés  |9 367340 
650 0 |a Escritura  |9 264941 
583 |a last modification  |c 20130806 04:51:05  |k Rodrigo Vera 
999 |c 310585  |d 310583 
952 |0 0  |1 0  |4 0  |6 428_000000000000000_RAI_1998  |7 0  |8 A  |9 379208  |a BIBEDU  |b BIBEDU  |d 2019-11-21  |i 4059352  |o 428 RAI 1998  |p 4059352  |r 2019-11-21  |w 2019-11-21  |y BK  |k LIT